000 00513nam a2200181Ia 4500
999 _c28980
_d28980
003 OSt
005 20201120124112.0
008 190216s9999||||xx |||||||||||||| ||und||
020 _a9788182644687
040 _coclc
082 _a894.8123
_bGHO/C
100 _aGhosh, Rathul
_96821
245 0 _aChoothattam /
_cRathul Ghosh
260 _bMathrubhumi Printing & Publishing,
_aKozhikode:
_c2007.
300 _a82p
650 _aNovel
942 _cBK
_2ddc
_h894.8123
_iGHO/C
_k894.8123
_mGHO/C